Συγκριτική πολιτική και διακυβέρνηση

Αποθηκεύτηκε σε:
Λεπτομέρειες βιβλιογραφικής εγγραφής
Κύριος συγγραφέας: Hague, Rod
Άλλοι συγγραφείς: Harrop, Martin
Μορφή: Βιβλίο
Γλώσσα:Greek
English
Δημοσίευση: Αθήνα : Κριτική, 2011.
Έκδοση:2η έκδ.
Σειρά:Επιστημονική βιβλιοθήκη (Κριτική)
Θέματα:
Ετικέτες: Προσθήκη ετικέτας
Δεν υπάρχουν, Καταχωρήστε ετικέτα πρώτοι!

MARC

LEADER 00000cam a2200000 a 4500
001 1/110679
008 160427s2011####gr | ||| |||| ||gre||
020 |a 9789602187524  
040 |a GR-MyUa  |b gre  |c GR-MyUa  |e AACR2 
041 1 |a gre  |h eng 
082 7 |a 320.3   |2 (23)  
100 1 |a Hague, Rod. 
245 1 0 |a Συγκριτική πολιτική και διακυβέρνηση /   |c Rod Hague, Martin Harrop ; εισαγωγή, επιμέλεια Γιάννης Κωνσταντινίδης ; πρόλογος Γιώργος Παγουλάτος ; μετάφραση Γιώργος Χρηστίδης.  
250 |a 2η έκδ.  
260 |a Αθήνα :   |b Κριτική,   |c 2011.  
300 |a 750 σ. ;   |c 24 εκ.  
490 1 |a (Επιστημονική βιβλιοθήκη)  
500 |a Μετάφραση του: Comparative government and politics.  
504 |a Περιλαμβάνει βιβλιογραφία.  
650 0 |a Comparative government. 
700 1 |a Harrop, Martin. 
830 0 |a Επιστημονική βιβλιοθήκη (Κριτική) 
852 |a INST  |b LESVOS  |c EUDOXUS  |e 20160427  |h 320.3 HAG  |p 005100057587  |q 005100057587  |t EDX  |y 10 
920 |a Εύδοξος  |b Παραγγελία  |y Λέσβος-ΤΚ  |z 2016-04 
970 |a Τζαφέρη  |b Ευαγγελία  |z 27-04-2016